[Event "Hamburg League qual"]
[Site "Hamburg"]
[Date "2004.10.17"]
[Round "4"]
[White "Lgov, Vladimir"]
[Black "Schulz, Hans Juergen"]
[Result "1-0"]
[WhiteElo "1998"]
[BlackElo "2074"]
[PlyCount "60"]
[EventDate "2004.10.09"]
[EventType "swiss"]
[EventRounds "7"]
[EventCountry "GER"]
[SourceTitle "EXT 2006"]
[Source "ChessBase"]
[SourceDate "2005.11.24"]
[SourceVersion "1"]
[SourceVersionDate "2005.11.24"]
[SourceQuality "1"]

1. d4 d5 2. c4 e6 3. Nc3 c5 4. dxc5 d4 5. Ne4 f5 6. Nd6+ Bxd6 7. cxd6 Qxd6 8. e3 e5 9. exd4 exd4 10. Nf3 Nc6 11. a3 a5 12. Bd3 h6 13. 0-0 Nge7 14. Re1 0-0 15. b3 b6 16. Ra2 Ng6 17. Rae2 Bd7 18. Qc2 Rad8 19. h3 Kh8 20. Qb2 Bc8 21. Bd2 Qf6 22. b4 axb4 23. axb4 Nh4 24. Nxh4 Qxh4 25. b5 Nb8 26. Bb4 Nd7 27. Bxf8 Nxf8 28. Re8 Qf6 29. Qa3 Rxe8 30. Rxe8 Kg8 1-0